[Event "Pinneberg-ch"]
[Site "Pinneberg"]
[Date "2010.09.16"]
[Round "4"]
[White "Weiler, Udo"]
[Black "Chaichi Tehrani, Fereydoon"]
[Result "0-1"]
[WhiteElo "1200"]
[BlackElo "1269"]
[PlyCount "92"]
[EventDate "2010.08.26"]
[EventType "swiss"]
[EventRounds "7"]
[EventCountry "GER"]
[SourceTitle "EXT 2011"]
[Source "ChessBase"]
[SourceDate "2010.11.26"]
[SourceVersion "1"]
[SourceVersionDate "2010.11.26"]
[SourceQuality "1"]

1. e4 d6 2. d4 Nc6 3. Nf3 Bg4 4. Be3 e6 5. Nc3 a6 6. Be2 d5 7. exd5 exd5 8. Ng5 Bxe2 9. Qxe2 Be7 10. Nf3 Nf6 11. 0-0 0-0 12. a3 Ne4 13. Qd3 f5 14. Bf4 Nxc3 15. Qxc3 Bd6 16. Bg5 Qd7 17. Rae1 b5 18. b4 a5 19. Ra1 axb4 20. axb4 Rxa1 21. Qxa1 Nxb4 22. Qc3 Qc6 23. Qxc6 Nxc6 24. Ra1 f4 25. c3 h6 26. Ra6 Nxd4 27. cxd4 hxg5 28. Ra5 g4 29. Ne5 Bxe5 30. dxe5 Rb8 31. h3 gxh3 32. gxh3 Kf7 33. Ra7 Ke6 34. Rxc7 Kxe5 35. Rxg7 b4 36. Re7+ Kd4 37. Re1 b3 38. Rb1 Kc3 39. h4 Kc2 40. Re1 b2 41. Re2+ Kd3 42. Re5 Rg8+ 43. Kh2 b1Q 44. Rxd5+ Ke4 45. Rg5 Rxg5 46. hxg5 Kf5 0-1